000 01036cad a22002055a 4500
001 L152184
008 110208s2011 xxk f 000 0 eng d
035 _a(Sirsi) u152184
041 0 _aeng
110 2 _aUnited Kingdom
_bDepartment for Communities and Local Government
_94939
245 0 0 _aProposals to introduce a community right to challenge
_bconsultation paper
_h[electronic resource]
260 _aLondon
_bDCLG
_c2011
520 _aSets out provisions in the Localism Bill for communities who have innovative ideas about how local services can be run more cost effectively. Seeks view on how this may work in practice and also what support and guidance should be provided. The consultation closes on 3 May 2011
590 _aKA NTK
650 2 4 _aDECENTRALISATION AND LOCALISM BILL
651 4 _aEngland and Wales
_y1543-
690 _aPlanning and development
_96259
856 4 0 _uhttps://www.communities.gov.uk/documents/localgovernment/pdf/1835810.pdf
_zView the item free of charge at www.communities.gov.uk
942 _n0
999 _c111911
_d111911